[Event "8th Mikhail Chigorin Memorial"]
[Site "Kislovodsk URS"]
[Date "1972.11.04"]
[Round "10"]
[Board "3"]
[White "Gurgenidze, Bukhuti"]
[Black "Kozma, Julius"]
[WhiteElo "2520"]
[BlackElo "2370"]
[Result "1/2-1/2"]
[EventDate "1972.10.21"]
[PlyCount "84"]

1. e4 c6 2. d4 d5 3. exd5 cxd5 4. c4 Nf6 5. Nc3 Nc6 6. Nf3 Bg4 7. cxd5 Nxd5 8. Bc4 e6 9. Bxd5 exd5 10. O-O Be7 11. h3 Bxf3 12. Qxf3 Nxd4 13. Qg4 Ne6 14. Qa4+ Qd7 15. Qxd7+ Kxd7 16. Nxd5 Rhc8 17. Rd1 Ke8 18. Nxe7 Kxe7 19. Bd2 Rd8 20. Kf1 Rac8 21. Bb4+ Ke8 22. Rxd8+ Rxd8 23. Rc1 Rd4 24. a3 Kd7 25. g3 h5 26. Ke2 Rd5 27. Rc4 g6 28. Bc3 b5 29. Rh4 a6 30. Ke3 Nc5 31. g4 hxg4 32. hxg4 Rd3+ 33. Ke2 Rd6 34. Rh7 Ke6 35. Rh8 Na4 36. Bb4 Rc6 37. Re8+ Kd5 38. b3 Nc5 39. Rd8+ Ke6 40. Bxc5 Rxc5 41. Ra8 Rc6 42. f4 Kf6 1/2-1/2

[Event "8th Mikhail Chigorin Memorial"]
[Site "Kislovodsk URS"]
[Date "1972.11.04"]
[Round "10"]
[Board "5"]
[White "Geller, Efim"]
[Black "Langeweg, Christian"]
[WhiteElo "2590"]
[BlackElo "2425"]
[Result "1-0"]
[EventDate "1972.10.21"]
[PlyCount "63"]

1. e4 c5 2. Nf3 e6 3. d4 cxd4 4. Nxd4 Nc6 5. Nc3 Qc7 6. Be2 a6 7. O-O Nf6 8. Be3 d6 9. f4 Bd7 10. Qe1 b5 11. Bf3 b4 12. Nce2 e5 13. Nxc6 Bxc6 14. Ng3 h5 15. Rd1 h4 16. Nf5 g6 17. Nxh4 Bb5 18. fxe5 dxe5 19. Be2 Bxe2 20. Qxe2 Rxh4 21. Rxf6 Be7 22. Rxa6 Rxa6 23. Qxa6 Kf8 24. Qa8+ Kg7 25. Qd5 Qxc2 26. Rf1 f6 27. Qe6 Qc7 28. Rd1 Rxe4 29. Rd7 Qxd7 30. Qxd7 Rxe3 31. Qxe7+ Kh6 32. Qxf6 1-0

[Event "8th Mikhail Chigorin Memorial"]
[Site "Kislovodsk URS"]
[Date "1972.11.04"]
[Round "10"]
[Board "7"]
[White "Tseshkovsky, Vitaly"]
[Black "Hennings, Artur"]
[WhiteElo "2480"]
[BlackElo "2475"]
[Result "1-0"]
[EventDate "1972.10.21"]
[PlyCount "85"]

1. e4 e5 2. Nf3 Nc6 3. Bb5 a6 4. Ba4 Nf6 5. O-O Be7 6. Re1 b5 7. Bb3 d6 8. c3 O-O 9. d4 Bg4 10. Be3 exd4 11. cxd4 Na5 12. Bc2 c5 13. dxc5 dxc5 14. Nbd2 Nd7 15. h3 Bh5 16. Rc1 Rc8 17. Bb1 Re8 18. b3 h6 19. Qe2 Bf8 20. Red1 Qf6 21. g4 Bg6 22. a4 Rb8 23. axb5 axb5 24. Bd3 Nxb3 25. Nxb3 c4 26. Bb1 cxb3 27. Rxd7 b2 28. Rcd1 Bxe4 29. Bxe4 Rxe4 30. Nd4 Qg6 31. Nf5 Rb4 32. Rb1 h5 33. f3 hxg4 34. fxg4 Qe6 35. Rd4 g6 36. Rxb4 Bxb4 37. Nd4 Qe4 38. Rxb2 Bc3 39. Rxb5 Rd8 40. Nf3 Re8 41. Kf2 f5 42. gxf5 gxf5 43. Rc5 1-0

[Event "8th Mikhail Chigorin Memorial"]
[Site "Kislovodsk URS"]
[Date "1972.11.05"]
[Round "11"]
[Board "2"]
[White "Kozma, Julius"]
[Black "Anikaev, Yury"]
[WhiteElo "2370"]
[BlackElo "2475"]
[Result "1/2-1/2"]
[EventDate "1972.10.21"]
[PlyCount "72"]

1. d4 Nf6 2. c4 e6 3. Nc3 Bb4 4. e3 c5 5. Bd3 Nc6 6. Nf3 Bxc3+ 7. bxc3 d6 8. e4 e5 9. d5 Ne7 10. Nh4 h6 11. f4 Ng6 12. Nxg6 fxg6 13. O-O O-O 14. Qe1 Bd7 15. Rb1 b6 16. Rb2 Qe7 17. Qg3 Qe8 18. fxe5 dxe5 19. Rbf2 Nh7 20. Rxf8+ Nxf8 21. h4 Qe7 22. Be2 Qd6 23. h5 g5 24. Bg4 Bxg4 25. Qxg4 Nd7 26. Bd2 Nf6 27. Qf5 Rf8 28. Qg6 Ne8 29. Rxf8+ Kxf8 30. Qf5+ Qf6 31. Qc8 Kf7 32. Qd7+ Qe7 33. Qf5+ Qf6 34. Qd7+ Qe7 35. Qf5+ Kg8 36. Qc8 Kf7 1/2-1/2

[Event "8th Mikhail Chigorin Memorial"]
[Site "Kislovodsk URS"]
[Date "1972.11.05"]
[Round "11"]
[Board "3"]
[White "Suetin, Alexei"]
[Black "Zilberstein, Valery"]
[WhiteElo "2550"]
[BlackElo "2445"]
[Result "1-0"]
[EventDate "1972.10.21"]
[PlyCount "67"]

1. c4 e5 2. Nc3 Nf6 3. Nf3 Nc6 4. g3 Bb4 5. Bg2 O-O 6. O-O d6 7. d3 h6 8. Nd2 Bxc3 9. bxc3 Bd7 10. e4 Kh8 11. Nb3 b6 12. f4 Ng8 13. f5 g5 14. Be3 f6 15. h4 Be8 16. Bf3 Rf7 17. Kf2 Kg7 18. Rh1 Kf8 19. Qe2 Qc8 20. Rh2 Rg7 21. Rah1 Bf7 22. hxg5 fxg5 23. Qd2 Qd8 24. Rxh6 Nxh6 25. Rxh6 Kg8 26. Kg1 Rh7 27. Bxg5 Qf8 28. Rxh7 Kxh7 29. Qh2+ Kg8 30. Qh4 Qg7 31. Bh6 Qh7 32. Nd2 Nd8 33. Qg4+ Kh8 34. Bg5 1-0

[Event "8th Mikhail Chigorin Memorial"]
[Site "Kislovodsk URS"]
[Date "1972.11.05"]
[Round "11"]
[Board "5"]
[White "Nezhmetdinov, Rashid"]
[Black "Polugaevsky, Lev"]
[WhiteElo "2450"]
[BlackElo "2645"]
[Result "0-1"]
[EventDate "1972.10.21"]
[PlyCount "116"]

1. d4 Nf6 2. c4 e6 3. Nf3 b6 4. Nc3 Bb7 5. Bg5 h6 6. Bxf6 Qxf6 7. a3 d6 8. e4 Nd7 9. d5 g5 10. Be2 Bg7 11. O-O O-O 12. Rc1 Ne5 13. g3 c6 14. Nd4 Rac8 15. Nc2 cxd5 16. cxd5 Qe7 17. Ne3 f5 18. f4 gxf4 19. gxf4 Ng6 20. Bh5 Nh4 21. exf5 exf5 22. Ng2 Kh8 23. Re1 Qd8 24. Re6 Nxg2 25. Kxg2 Rc4 26. Qf3 Qh4 27. Rf1 Rd4 28. Rf2 Rg8 29. Rg6 Ba6 30. Qh3 Rxf4 31. Qxh4 Rxh4 32. Be2 Kh7 33. Rg3 f4 34. Bxa6 fxg3 35. hxg3 Be5 36. Bd3+ Kh8 37. Rf3 Rf4 38. Re3 Rf7 39. Ne4 Rc8 40. b3 Rc1 41. a4 Kg7 42. Bc4 Rc2+ 43. Re2 Rxe2+ 44. Bxe2 Rf8 45. Ba6 h5 46. Be2 Kh6 47. Kh3 Rf5 48. Kg2 Bd4 49. Bc4 Bc5 50. Kh3 Re5 51. Nc3 Kg5 52. Ne2 Be3 53. Nc3 Bf2 54. Ne2 Re3 55. Kg2 Be1 56. b4 Bxb4 57. Nd4 Be1 58. Nf3+ Kf5 0-1

[Event "8th Mikhail Chigorin Memorial"]
[Site "Kislovodsk URS"]
[Date "1972.11.05"]
[Round "11"]
[Board "6"]
[White "Hennings, Artur"]
[Black "Geller, Efim"]
[WhiteElo "2475"]
[BlackElo "2590"]
[Result "1-0"]
[EventDate "1972.10.21"]
[PlyCount "98"]

1. e4 c5 2. f4 Nc6 3. Nf3 e6 4. Nc3 Nge7 5. Bb5 Nd4 6. Nxd4 cxd4 7. Ne2 a6 8. Bd3 Nc6 9. O-O Bc5 10. a3 O-O 11. b4 Ba7 12. Qe1 d5 13. e5 f6 14. Qh4 h6 15. exf6 Qxf6 16. Qxf6 gxf6 17. Bb2 e5 18. b5 Ne7 19. fxe5 fxe5 20. Bh7+ Kg7 21. Rxf8 Kxf8 22. Ng3 Kg7 23. Bd3 e4 24. Be2 Be6 25. a4 Rc8 26. Rc1 Kg8 27. Kf1 a5 28. Ke1 Ng6 29. d3 Nf4 30. dxe4 Nxg2+ 31. Kf2 Ne3 32. Bd3 Rf8+ 33. Kg1 dxe4 34. Nxe4 Bd5 35. Ba3 Rf4 36. Ng3 Nc4 37. Be7 Rf7 38. Nh5 Be6 39. Bh4 Ne5 40. Bg3 Nf3+ 41. Kg2 Nd2 42. Re1 Bd5+ 43. Kh3 Rf3 44. Kg4 Bf7 45. Re2 Nf1 46. Bc7 Rxd3 47. cxd3 Bc5 48. Nf6+ Kg7 49. Ne4 b6 1-0

[Event "8th Mikhail Chigorin Memorial"]
[Site "Kislovodsk URS"]
[Date "1972.11.05"]
[Round "11"]
[Board "7"]
[White "Unzicker, Wolfgang"]
[Black "Tseshkovsky, Vitaly"]
[WhiteElo "2530"]
[BlackElo "2480"]
[Result "1-0"]
[EventDate "1972.10.21"]
[PlyCount "159"]

1. e4 d6 2. d4 Nf6 3. Nc3 g6 4. f4 Bg7 5. Nf3 c5 6. dxc5 Qa5 7. Bd3 Qxc5 8. Qe2 O-O 9. Be3 Qa5 10. O-O Bg4 11. Kh1 Nc6 12. h3 Nh5 13. Qe1 Bxf3 14. Rxf3 Rac8 15. Bd2 e5 16. f5 Qd8 17. Nd5 Nf4 18. c3 Nxd5 19. exd5 Nb8 20. Qf2 Nd7 21. Rf1 Re8 22. fxg6 fxg6 23. Rf7 a6 24. Be2 Rc7 25. Qe3 Nc5 26. R7f2 Qh4 27. Bg4 h5 28. Be1 Qe7 29. Bd1 e4 30. Bc2 Kh7 31. Bd2 a5 32. b4 axb4 33. cxb4 Nd3 34. Bxd3 exd3 35. Qxd3 Qe4 36. Qb3 Re5 37. Bc3 Rg5 38. Bxg7 Rxg7 39. Rd1 h4 40. Kg1 Rg3 41. Qb2 g5 42. Qf6 Qg6 43. Rd4 Qxf6 44. Rxf6 Rc7 45. Rd2 g4 46. hxg4 Rxg4 47. Rxd6 Rxb4 48. Rf6 Kg7 49. Rf3 Rd7 50. d6 Kg6 51. Kh2 Rc4 52. Rfd3 Kf5 53. Rd4 b5 54. Kh3 Rc3+ 55. R2d3 Rc2 56. a3 Rc4 57. Rxh4 Ke5 58. g3 Rc1 59. Kg2 Rc8 60. Kf3 Rf8+ 61. Rf4 Ra8 62. Re4+ Kf6 63. Red4 Rb8 64. Rb4 Ke6 65. Kg2 Rbb7 66. Re4+ Kf5 67. Kf3 Rb6 68. Rb4 Rdxd6 69. Rxd6 Rxd6 70. Rxb5+ Kf6 71. a4 Rd3+ 72. Kg2 Rd4 73. a5 Ra4 74. Kh3 Ra1 75. g4 Kg6 76. Kh4 Rh1+ 77. Kg3 Ra1 78. Kf4 Ra4+ 79. Ke5 Rxg4 80. Rb6+ 1-0

[Event "8th Mikhail Chigorin Memorial"]
[Site "Kislovodsk URS"]
[Date "1972.11.08"]
[Round "12"]
[Board "5"]
[White "Gurgenidze, Bukhuti"]
[Black "Hennings, Artur"]
[WhiteElo "2520"]
[BlackElo "2475"]
[Result "1/2-1/2"]
[EventDate "1972.10.21"]
[PlyCount "75"]

1. e4 e5 2. Nf3 Nc6 3. Bb5 f5 4. Nc3 fxe4 5. Nxe4 d5 6. Ng3 Bg4 7. Qe2 Bd6 8. d4 Qe7 9. dxe5 Bxf3 10. Bxc6+ bxc6 11. exd6 Qxe2+ 12. Nxe2 Bxe2 13. Kxe2 cxd6 14. Bf4 Kd7 15. Rhd1 Rb8 16. b3 Nf6 17. Rd4 Rhe8+ 18. Kf1 Re4 19. Rxe4 Nxe4 20. f3 Nf6 21. Bg5 c5 22. Bxf6 gxf6 23. Kf2 a5 24. g4 a4 25. h4 d4 26. Re1 d3 27. cxd3 axb3 28. axb3 Rxb3 29. Ke2 Rb4 30. Ra1 Ke6 31. Ra8 h5 32. Re8+ Kf7 33. Re4 hxg4 34. fxg4 Rb2+ 35. Ke3 Rh2 36. h5 Rh3+ 37. Kd2 Rg3 38. Rf4 1/2-1/2

[Event "8th Mikhail Chigorin Memorial"]
[Site "Kislovodsk URS"]
[Date "1972.11.08"]
[Round "12"]
[Board "6"]
[White "Tseshkovsky, Vitaly"]
[Black "Nezhmetdinov, Rashid"]
[WhiteElo "2480"]
[BlackElo "2450"]
[Result "1-0"]
[EventDate "1972.10.21"]
[PlyCount "69"]

1. e4 e5 2. Nf3 Nc6 3. Bb5 a6 4. Ba4 Nf6 5. O-O Be7 6. Re1 b5 7. Bb3 O-O 8. d4 d6 9. c3 Bg4 10. Be3 exd4 11. cxd4 Na5 12. Bc2 Nc4 13. Bc1 c5 14. b3 Nb6 15. Nbd2 d5 16. e5 Ne8 17. dxc5 Bxc5 18. Bxh7+ Kh8 19. Bd3 Nc7 20. h3 Bh5 21. Nf1 Ne6 22. Ng3 Bg6 23. Bxg6 fxg6 24. Qd3 Kh7 25. Ne2 Rxf3 26. Qxf3 Qh4 27. Qg3 Qb4 28. Be3 d4 29. a3 Qxb3 30. Nxd4 Bxd4 31. Qh4+ Kg8 32. Bxd4 Nd5 33. Qg4 Ne7 34. Be3 Nf8 35. Qb4 1-0

[Event "8th Mikhail Chigorin Memorial"]
[Site "Kislovodsk URS"]
[Date "1972.11.08"]
[Round "12"]
[Board "7"]
[White "Geller, Efim"]
[Black "Unzicker, Wolfgang"]
[WhiteElo "2590"]
[BlackElo "2530"]
[Result "1/2-1/2"]
[EventDate "1972.10.21"]
[PlyCount "100"]

1. e4 e5 2. Nf3 Nc6 3. Bb5 a6 4. Ba4 Nf6 5. O-O Be7 6. Re1 b5 7. Bb3 d6 8. c3 O-O 9. h3 Nb8 10. d4 Nbd7 11. c4 c6 12. cxb5 axb5 13. Nc3 Ba6 14. Bg5 h6 15. dxe5 Nxe5 16. Nxe5 dxe5 17. Bxf6 Bxf6 18. Qh5 Qe7 19. Rad1 Bc8 20. Re3 Be6 21. Rg3 Kh8 22. Rgd3 Bxb3 23. axb3 Rad8 24. Rxd8 Rxd8 25. Rxd8+ Qxd8 26. Qxf7 Qd2 27. g3 Qxb2 28. Qf8+ Kh7 29. Qc5 Qxb3 30. Qxc6 b4 31. Nd5 Qb1+ 32. Kh2 b3 33. Qd7 Kh8 34. Qe8+ Kh7 35. Qf7 Kh8 36. Qe8+ Kh7 37. Nxf6+ gxf6 38. Qf7+ Kh8 39. Qf8+ Kh7 40. Qf7+ Kh8 41. Qxf6+ Kh7 42. Qf5+ Kg8 43. Qg6+ Kf8 44. Qxh6+ Ke7 45. Qg5+ Kd7 46. Qf5+ Kc6 47. Qe6+ Kb7 48. Qd5+ Ka7 49. Qa5+ Kb7 50. Qb5+ Ka7 1/2-1/2

[Event "8th Mikhail Chigorin Memorial"]
[Site "Kislovodsk URS"]
[Date "1972.11.09"]
[Round "13"]
[Board "3"]
[White "Stein, Leonid"]
[Black "Polugaevsky, Lev"]
[WhiteElo "2620"]
[BlackElo "2645"]
[Result "1/2-1/2"]
[EventDate "1972.10.21"]
[PlyCount "63"]

1. c4 Nf6 2. Nf3 e6 3. g3 b6 4. Bg2 Bb7 5. O-O Be7 6. d4 O-O 7. Nc3 Ne4 8. Bd2 d5 9. cxd5 exd5 10. Rc1 Nd7 11. Bf4 Nxc3 12. bxc3 c5 13. Nd2 Nf6 14. Bg5 Rc8 15. e3 Qd7 16. dxc5 bxc5 17. c4 d4 18. Bxb7 Qxb7 19. exd4 cxd4 20. Re1 h6 21. Bxf6 Bxf6 22. Ne4 Qc6 23. Nxf6+ Qxf6 24. Qd3 Rfd8 25. Re4 Rc5 26. Rd1 Qa6 27. Rde1 f5 28. Rxd4 Rxd4 29. Qxd4 Qxc4 30. Qd7 Qxa2 31. h4 Qd5 32. Qxa7 1/2-1/2

[Event "8th Mikhail Chigorin Memorial"]
[Site "Kislovodsk URS"]
[Date "1972.11.09"]
[Round "13"]
[Board "4"]
[White "Hennings, Artur"]
[Black "Anikaev, Yury"]
[WhiteElo "2475"]
[BlackElo "2475"]
[Result "1/2-1/2"]
[EventDate "1972.10.21"]
[PlyCount "42"]

1. e4 c5 2. Nf3 d6 3. Bb5+ Bd7 4. Bxd7+ Qxd7 5. c4 Nc6 6. Nc3 g6 7. d4 cxd4 8. Nxd4 Bg7 9. Be3 Nf6 10. f3 O-O 11. O-O Rfd8 12. Qd2 e6 13. Rfd1 d5 14. Nxc6 bxc6 15. Bg5 Qc7 16. cxd5 cxd5 17. exd5 exd5 18. Rac1 Qb7 19. b3 d4 20. Na4 Rd5 21. Rc5 Re8 1/2-1/2

[Event "8th Mikhail Chigorin Memorial"]
[Site "Kislovodsk URS"]
[Date "1972.11.09"]
[Round "13"]
[Board "5"]
[White "Suetin, Alexei"]
[Black "Tseshkovsky, Vitaly"]
[WhiteElo "2550"]
[BlackElo "2480"]
[Result "1-0"]
[EventDate "1972.10.21"]
[PlyCount "65"]

1. c4 e5 2. Nc3 Nc6 3. Nf3 f5 4. d4 e4 5. Nd2 Nf6 6. Ndb1 g6 7. Bg5 Bg7 8. e3 Ne7 9. Be2 d6 10. Qb3 h6 11. Bf4 g5 12. Bg3 Ng6 13. h4 gxh4 14. Bxh4 Nxh4 15. Rxh4 O-O 16. g3 a6 17. Nd2 c5 18. dxc5 dxc5 19. Rd1 Qa5 20. Qc2 Bd7 21. Nb3 Qc7 22. Qd2 Be8 23. Nd5 Nxd5 24. Qxd5+ Kh7 25. Qxc5 Qxc5 26. Nxc5 Bxb2 27. Ne6 Rg8 28. Rd5 Bf6 29. Rh1 Bg6 30. Rd7+ Bg7 31. c5 Rab8 32. Bc4 Be8 33. Rxg7+ 1-0

[Event "8th Mikhail Chigorin Memorial"]
[Site "Kislovodsk URS"]
[Date "1972.11.09"]
[Round "13"]
[Board "7"]
[White "Nezhmetdinov, Rashid"]
[Black "Geller, Efim"]
[WhiteElo "2450"]
[BlackElo "2590"]
[Result "0-1"]
[EventDate "1972.10.21"]
[PlyCount "80"]

1. e4 c5 2. Nf3 d6 3. Bb5+ Nd7 4. c3 Ngf6 5. Qe2 a6 6. Ba4 b5 7. Bc2 e5 8. O-O Be7 9. d4 O-O 10. dxe5 Nxe5 11. Nxe5 dxe5 12. a4 Bd7 13. c4 Bg4 14. Qe3 bxc4 15. Nc3 Qc7 16. h3 Be6 17. Qe2 Qb7 18. Rb1 Rad8 19. f4 exf4 20. Bxf4 Rd4 21. Bg5 Rfd8 22. Rf2 h6 23. Be3 Rd3 24. Qf3 Qb8 25. Bxd3 cxd3 26. b3 Qe5 27. Bd2 Bd6 28. g4 Bc7 29. Qf4 Qxf4 30. Bxf4 Ba5 31. Bd2 Bxc3 32. Bxc3 Nxe4 33. Bd2 Rb8 34. b4 c4 35. Bf4 Rb7 36. Rf3 Nc3 37. Rb2 Nxa4 38. Rd2 Rxb4 39. Be5 Rb5 40. Bd4 Rb3 0-1

[Event "8th Mikhail Chigorin Memorial"]
[Site "Kislovodsk URS"]
[Date "1972.11.10"]
[Round "14"]
[Board "1"]
[White "Kozma, Julius"]
[Black "Langeweg, Christian"]
[WhiteElo "2370"]
[BlackElo "2425"]
[Result "1/2-1/2"]
[EventDate "1972.10.21"]
[PlyCount "143"]

1. Nf3 Nf6 2. c4 e6 3. g3 c5 4. Bg2 Nc6 5. O-O Be7 6. b3 O-O 7. Bb2 a6 8. Nc3 Qa5 9. d4 cxd4 10. Nxd4 Rd8 11. a3 Rb8 12. b4 Qc7 13. Rc1 Nxd4 14. Qxd4 b6 15. e4 d6 16. Rfd1 Bb7 17. Bh3 Ba8 18. f3 Qb7 19. Bf1 Rd7 20. Qd3 Rc8 21. Ne2 Rdd8 22. Qd4 Bf8 23. Qd3 Nd7 24. Bd4 Qb8 25. Qe3 Ne5 26. Nf4 b5 27. cxb5 axb5 28. Nh5 Qb7 29. Be2 h6 30. g4 Ng6 31. Rxc8 Rxc8 32. Rc1 e5 33. Rxc8 Qxc8 34. Bc3 Qc6 35. Be1 d5 36. exd5 Qxd5 37. Qd2 Qb3 38. Qd3 Qa2 39. Bf2 Bc6 40. h3 Qb2 41. Kf1 Be7 42. Be1 Bg5 43. Qc3 Qxc3 44. Bxc3 Bc1 45. Ng3 Bxa3 46. Nf5 f6 47. Nd6 Nf4 48. Bxb5 Bxf3 49. Bc4+ Kf8 50. Kf2 Ba8 51. Nb5 Bc1 52. Nc7 Nxh3+ 53. Ke2 Be4 54. Ne6+ Ke7 55. Nxg7 Nf4+ 56. Kf2 Nd5 57. Be1 Bg5 58. Kg3 Ne3 59. Be2 Kd6 60. b5 Nc2 61. Ba5 Nd4 62. Bf1 Bd5 63. Bb4+ Kd7 64. Nh5 Bf3 65. Bc5 Bd5 66. Bd3 Bb7 67. Ng7 Nb3 68. Bf5+ Kd8 69. Ne6+ Ke8 70. Nc7+ Kd8 71. Ne6+ Ke8 72. Nc7+ 1/2-1/2

[Event "8th Mikhail Chigorin Memorial"]
[Site "Kislovodsk URS"]
[Date "1972.11.10"]
[Round "14"]
[Board "2"]
[White "Polugaevsky, Lev"]
[Black "Kholmov, Ratmir"]
[WhiteElo "2645"]
[BlackElo "2550"]
[Result "1-0"]
[EventDate "1972.10.21"]
[PlyCount "81"]

1. Nf3 f5 2. g3 Nf6 3. Bg2 g6 4. b3 Bg7 5. Bb2 d6 6. d4 c6 7. O-O O-O 8. c4 Na6 9. Nc3 Qc7 10. Rc1 e5 11. Nb5 cxb5 12. cxb5 Qa5 13. dxe5 dxe5 14. bxa6 e4 15. axb7 Bxb7 16. Ng5 Rfd8 17. Qc2 Rd2 18. Qb1 Rxe2 19. Ne6 Bh8 20. Qa1 Rxb2 21. Qxb2 Nd5 22. Qc2 Nc3 23. Qd2 Qb6 24. Nf4 Rd8 25. Qb2 Ba6 26. Qa3 g5 27. Nh5 Be2 28. g4 Bxg4 29. Ng3 f4 30. Nxe4 Ne2+ 31. Kh1 f3 32. Qe7 fxg2+ 33. Kxg2 Nf4+ 34. Kg3 Ng6 35. Qxg5 Rd3+ 36. f3 Bd7 37. Rcd1 Be5+ 38. Kg2 h6 39. Qc1 Nf4+ 40. Kh1 Bb5 41. Qc8+ 1-0

[Event "8th Mikhail Chigorin Memorial"]
[Site "Kislovodsk URS"]
[Date "1972.11.10"]
[Round "14"]
[Board "6"]
[White "Geller, Efim"]
[Black "Suetin, Alexei"]
[WhiteElo "2590"]
[BlackElo "2550"]
[Result "1-0"]
[EventDate "1972.10.21"]
[PlyCount "95"]

1. c4 g6 2. d4 Bg7 3. Nc3 c5 4. d5 d6 5. e4 Nf6 6. Nf3 O-O 7. Be2 e6 8. O-O Re8 9. Nd2 Na6 10. Re1 Nc7 11. Bf1 Rb8 12. a4 b6 13. h3 a6 14. Nf3 exd5 15. cxd5 b5 16. e5 dxe5 17. d6 Ne6 18. axb5 Nd4 19. bxa6 Qxd6 20. Bg5 Ra8 21. Nb5 Qb6 22. Nbxd4 exd4 23. Bxf6 Rxe1 24. Qxe1 Bxf6 25. Qe8+ Kg7 26. Bc4 Qc7 27. Ne1 Bb7 28. Qb5 Bc8 29. Nd3 Be7 30. Qa5 Qd6 31. Qb5 Ra7 32. b3 Bd7 33. Qa5 Bf5 34. Qe1 Bxd3 35. Bxd3 Bd8 36. Qe4 Bc7 37. g3 Bb6 38. Re1 Rc7 39. Re2 Ba7 40. Kg2 h5 41. h4 Kf6 42. Qf3+ Kg7 43. Re8 Re7 44. Bxg6 c4 45. Bxh5 Rxe8 46. Qxf7+ Kh6 47. Qxe8 Qf6 48. g4 1-0

[Event "8th Mikhail Chigorin Memorial"]
[Site "Kislovodsk URS"]
[Date "1972.11.12"]
[Round "15"]
[Board "1"]
[White "Zilberstein, Valery"]
[Black "Polugaevsky, Lev"]
[WhiteElo "2445"]
[BlackElo "2645"]
[Result "1/2-1/2"]
[EventDate "1972.10.21"]
[PlyCount "64"]

1. d4 Nf6 2. c4 e6 3. g3 c5 4. Nf3 cxd4 5. Nxd4 Bb4+ 6. Bd2 Qb6 7. Bxb4 Qxb4+ 8. Nc3 O-O 9. Qb3 Qc5 10. Rd1 d6 11. Qa3 Rd8 12. Qxc5 dxc5 13. Nb3 Rxd1+ 14. Kxd1 Nbd7 15. Bg2 Ng4 16. Ne4 Rb8 17. h3 Nge5 18. Nd6 b6 19. f4 Ng6 20. Kc1 Kf8 21. Rd1 Ke7 22. Bf3 Nf6 23. Rd3 Bd7 24. Nd2 a6 25. e3 Nf8 26. g4 Ne8 27. Nxe8 Bxe8 28. Ra3 a5 29. Rd3 f6 30. Be4 h5 31. Nf3 hxg4 32. hxg4 Rd8 1/2-1/2

[Event "8th Mikhail Chigorin Memorial"]
[Site "Kislovodsk URS"]
[Date "1972.11.12"]
[Round "15"]
[Board "2"]
[White "Hennings, Artur"]
[Black "Kozma, Julius"]
[WhiteElo "2475"]
[BlackElo "2370"]
[Result "1/2-1/2"]
[EventDate "1972.10.21"]
[PlyCount "112"]

1. e4 c6 2. d4 d5 3. Nc3 dxe4 4. Nxe4 Nd7 5. Bc4 Ngf6 6. Nxf6+ Nxf6 7. Nf3 Bf5 8. O-O e6 9. h3 Be7 10. Re1 O-O 11. Nh4 Be4 12. Bg5 b5 13. Bb3 Bd5 14. c3 Bxb3 15. axb3 Nd5 16. Bxe7 Qxe7 17. Nf3 a5 18. Ne5 Qd6 19. Qf3 Ne7 20. Ra2 Nd5 21. Nd3 Ra7 22. Rea1 Rfa8 23. Ne5 h6 24. Nd3 Nf6 25. Nb4 Nd5 26. Nd3 Nf6 27. g3 Qd5 28. Qxd5 Nxd5 29. Kg2 Kf8 30. Ne5 Ra6 31. Kf3 Ke8 32. h4 h5 33. Nd3 R6a7 34. Ne5 Ne7 35. Ke2 f6 36. Nd3 Kf7 37. Kf3 Nd5 38. Ke4 Ne7 39. Nc5 Nd5 40. Kd3 g6 41. Re1 Re7 42. Ra3 Nb6 43. Rea1 Rea7 44. Kc2 Nd5 45. Kd2 Nb6 46. Kd3 Nd5 47. Kc2 Nb6 48. Kd3 Nd5 49. Re1 Re7 50. f4 Nb6 51. Re2 Nd5 52. Ra1 Nb6 53. Rae1 Rae8 54. c4 Nc8 55. Ra1 Ra7 56. Ne4 Rd8 1/2-1/2

[Event "8th Mikhail Chigorin Memorial"]
[Site "Kislovodsk URS"]
[Date "1972.11.12"]
[Round "15"]
[Board "7"]
[White "Suetin, Alexei"]
[Black "Gurgenidze, Bukhuti"]
[WhiteElo "2550"]
[BlackElo "2520"]
[Result "0-1"]
[EventDate "1972.10.21"]
[PlyCount "68"]

1. e4 c6 2. c4 d5 3. exd5 cxd5 4. cxd5 Nf6 5. Qa4+ Nbd7 6. Nc3 g6 7. g3 Bg7 8. Bg2 O-O 9. Nge2 Nb6 10. Qb3 a5 11. Nf4 a4 12. Qb5 Bd7 13. Qb4 Re8 14. O-O Bf8 15. Qd4 Bf5 16. Qe5 Bg7 17. Qe2 a3 18. d3 Rc8 19. Rb1 g5 20. Nh3 h6 21. f4 g4 22. Nf2 Nbxd5 23. Nce4 Qb6 24. Re1 Nxe4 25. dxe4 Bh7 26. Qd3 Bd4 27. Re2 Rxc1+ 28. Rxc1 axb2 29. Rb1 Rc8 30. Rbxb2 Bxb2 31. Qxd5 Bd4 32. Qh5 Bxf2+ 33. Rxf2 Rc2 34. Qxg4+ Kf8 0-1